Japan's High Technology Industries

Sparad:
Bibliografiska uppgifter
Institutionell upphovsman: Research Special Issue
Materialtyp: Bok
Språk:Undetermined
Publicerad: Japan The Long - Term Credit Bank 1984
Ämnen:
Taggar: Lägg till en tagg
Inga taggar, Lägg till första taggen!
Thư viện lưu trữ: Trung tâm Học liệu Trường Đại học Cần Thơ
LEADER 00533nam a2200193Ia 4500
001 CTU_97566
008 210402s9999 xx 000 0 und d
082 |a 338.4 
082 |b R432 
110 |a Research Special Issue 
245 0 |a Japan's High Technology Industries 
245 0 |c Research Special Issue 
260 |a Japan 
260 |b The Long - Term Credit Bank 
260 |c 1984 
650 |a High technology industries 
650 |z Japan 
904 |i Hiếu 
980 |a Trung tâm Học liệu Trường Đại học Cần Thơ